[Event "Catalunya-chB"]
[Site "Spain"]
[Date "1996.10.20"]
[Round "3"]
[White "Garcia Lopez, Oliver"]
[Black "Diaz Miralles, Joan"]
[Result "0-1"]
[WhiteElo "1790"]
[BlackElo "1950"]
[PlyCount "30"]
[EventDate "1997.??.??"]
[EventType "swiss"]
[EventRounds "8"]
[EventCountry "ESP"]
[SourceTitle "EXT 2003"]
[Source "ChessBase"]
[SourceDate "2002.11.25"]
[SourceVersion "1"]
[SourceVersionDate "2002.11.25"]
[SourceQuality "1"]

1. e4 e5 2. d3 Nc6 3. Nc3 Be7 4. Nf3 Nf6 5. Be2 0-0 6. 0-0 d5 7. exd5 Nxd5 8. Be3 Be6 9. Nxd5 Bxd5 10. d4 Bxf3 11. Bxf3 exd4 12. Bxc6 dxe3 13. Qxd8 exf2+ 14. Rxf2 Rfxd8 15. Kh1 bxc6 0-1